| 000 | 00635nam a2200205Ia 4500 | ||
|---|---|---|---|
| 005 | 20260114185904.0 | ||
| 008 | 008 260114s9999 xx 000 0 eng d | ||
| 020 | _a9781350219618 | ||
| 037 | _aEBOOK | ||
| 040 |
_aCRL _beng _cCRL |
||
| 041 |
_aeng _2eng |
||
| 084 | _qCRL | ||
| 100 |
_aLiisa Laakso and Petri Hautaniemi _9875729 |
||
| 245 | 0 | _aDiasporas, Development and Peacemaking in the Horn of Africa | |
| 260 |
_bBloomsbury _c2014 |
||
| 650 |
_aAfrican Studies _9875730 |
||
| 856 | _uhttps://doi.org/10.5040/9781350219618?locatt=label:secondary_bloomsburyCollections | ||
| 942 | _cEBOOK | ||
| 999 |
_c1474522 _d1474522 |
||